Players to Score 100 Goals for 2 Different Clubs - Statistics

General Stats
  • This quiz has been taken 52 times
  • The average score is 3 of 16
Answers on the Grid
Answers color-coded by a green-red scale on the quiz's grid according to % correct below.
Alan Shearer
Andriy Shevchenko
Cristiano Ronaldo
Diego Maradona
Edison Cavani
Erling Haaland
Ferenc Puskas
Fernando Torres
Filippo Inzaghi
Gareth Bale
Gary Lineker
Hugo Sanchez
Ian Wright
Jimmy Greaves
Johan Cruyff
Karim Benzema
Kenny Dalglish
Kylian Mbappe
Lionel Messi
Luis Suarez
Marco van Basten
Michael Owen
Neymar Jr
Robert Lewandowski
Romario
Ronaldo
Samuel Eto'o
Sergio Aguero
Thierry Henry
Zlatan Ibrahimovic
 
Answer Stats
Answer % Correct
Cristiano Ronaldo
89%
Robert Lewandowski
33%
Luis Suarez
30%
Neymar Jr
22%
Andriy Shevchenko
15%
Diego Maradona
15%
Alan Shearer
11%
Edison Cavani
11%
Ferenc Puskas
11%
Kenny Dalglish
7%
Marco van Basten
7%
Ian Wright
4%
Jimmy Greaves
4%
Romario
4%
Sergio Aguero
4%
Hugo Sanchez
0%
No matching quizzes found
Score Distribution
Percent of People with Each Score
Percentile by Number Answered
Your Score History
You have not taken this quiz